ბათუმის შოთა რუსთაველის სახელმწიფო უნივერსიტეტის ბიბლიოთეკა

ოფთალმოლოგიის საფუძვლები : (ბიბ.ჩანაწერი № 60827)

000 -ლიდერი
ფიქსირებული სიგრძის საკონტროლო ველი 01292nam a22002537a 4500
003 - საკონტროლო ნომრის იდენტიფიკატორი
საკონტროლო ველი Ge_BSU
005 - ბოლო ოპერაციის თარიღი და დრო
საკონტროლო ველი 20231026121426.0
008 - ფიქსირებული სიგრძის მონაცემთა ელემენტები - ზოგადი ინფორმაცია
ფიქსირებული სიგრძის საკონტროლო ველი 231026s2023 ge ||||| |||| 00| 0 geo d
020 ## - წიგნის საერთაშორისო სტანდარტული ნომერი
International Standard Book Number 9789941852626
041 ## - ენის კოდი
Language code of text/sound track or separate title geo
080 ## - უნივერსალური ათობითი კლასიფიკაციის ინდექსი
Universal Decimal Classification number 617.7(075.8) დ-40
100 ## - მთავარი ჩანაწერი - პიროვნების სახელი
Personal name დვალი, მერაბ
9 (RLIN) 20250
245 ## - ცნობა სათაურის შესახებ
Title ოფთალმოლოგიის საფუძვლები :
Remainder of title [სახელმძღვანელო] /
Statement of responsibility, etc მერაბ დვალი: რედაქტორები ეთერ მშვიდობაძე, ლია ჟორჟიკაშვილი
250 ## - გამოცემის ცნობა
Edition statement პირველი გამოცემა
264 ## - წარმოების, გამოცემის, დისტრიბუციის და სხვა ცნობები
გამოცემის, წარმოების, დისტრიბუციის... ადგილი თბილისი,
გამოცემის, წარმოების, დისტრიბუციის... თარიღი 2023.
300 ## - ფიზიკური აღწერა
Extent 261 გვ.:
Other physical details სურ., ცხრ.
Dimensions 24 სმ.
500 ## - ზოგადი შენიშვნა
General note საგნობრივი საძიებელი: გვ. 256-261.
504 ## - BIBLIOGRAPHY, ETC. NOTE
Bibliography, etc ბიბლიოგრაფია: გვ. 254-255.
653 ## - INDEX TERM--UNCONTROLLED
Uncontrolled term ოფთალმოლოგია
653 ## - INDEX TERM--UNCONTROLLED
Uncontrolled term თვალის დაავადებები
700 ## - ADDED ENTRY--PERSONAL NAME
Personal name მშვიდობაძე, ეთერ
Relator term რედაქტორი.
9 (RLIN) 20251
700 ## - ADDED ENTRY--PERSONAL NAME
Personal name ჟორჟიკაშვილი, ლია,
Relator term რედაქტორი
9 (RLIN) 20252
942 ## - ADDED ENTRY ELEMENTS (KOHA)
Source of classification or shelving scheme
Koha item type წიგნი
ეგზემპლარები
ჩამოწერის სტატუსი დაკარგული ეგზემპლარის სტატუსი კლასიფიკაციის წყარო ან თაროზე გაწყობის სქემა დაზიანების სტატუსი არ გაიცემა მუდმივი მდებარეობა (დაცვის ადგილი) ამჟამინდელი ადგილსამყოფელი თაროზე განთავსების ადგილი შეძენის თარიღი ღირებულება, შესყიდვის ნორმალური ფასი სრული შენახვის შიფრი შტრიხკოდი ბოლო ოპერაციის თარიღი ეგზემპლარის მიმდევრობითი ნომერი (კეტერი?) ფასის ძალაში შესვლის თარიღი ეგზემპლარის სახეობა საჯარო შენიშვნა
          ბათუმის შოთა რუსთაველის სახელმწიფო უნივერსიტეტის მთავარი ბიბლიოთეკა ბათუმის შოთა რუსთაველის სახელმწიფო უნივერსიტეტის მთავარი ბიბლიოთეკა წიგნსაცავი 2023-10-26 65.00 617.7(075.8) დ-40 29932 2023-10-26 29932 2023-10-26 წიგნი 65 ლ.
          ბათუმის შოთა რუსთაველის სახელმწიფო უნივერსიტეტის მთავარი ბიბლიოთეკა ბათუმის შოთა რუსთაველის სახელმწიფო უნივერსიტეტის მთავარი ბიბლიოთეკა წიგნსაცავი 2023-10-26 65.00 617.7(075.8) დ-40 29933 2023-10-26 29933 2023-10-26 წიგნი 65 ლ.
          ბათუმის შოთა რუსთაველის სახელმწიფო უნივერსიტეტის მთავარი ბიბლიოთეკა ბათუმის შოთა რუსთაველის სახელმწიფო უნივერსიტეტის მთავარი ბიბლიოთეკა წიგნსაცავი 2023-10-26 65.00 617.7(075.8) დ-40 29934 2023-10-26 29934 2023-10-26 წიგნი 65 ლ.
          ბათუმის შოთა რუსთაველის სახელმწიფო უნივერსიტეტის მთავარი ბიბლიოთეკა ბათუმის შოთა რუსთაველის სახელმწიფო უნივერსიტეტის მთავარი ბიბლიოთეკა წიგნსაცავი 2023-10-26 65.00 617.7(075.8) დ-40 29935 2023-10-26 29935 2023-10-26 წიგნი 65 ლ.
          ბათუმის შოთა რუსთაველის სახელმწიფო უნივერსიტეტის მთავარი ბიბლიოთეკა ბათუმის შოთა რუსთაველის სახელმწიფო უნივერსიტეტის მთავარი ბიბლიოთეკა წიგნსაცავი 2023-10-26 65.00 617.7(075.8) დ-40 29936 2023-10-26 29936 2023-10-26 წიგნი 65 ლ.
          ბათუმის შოთა რუსთაველის სახელმწიფო უნივერსიტეტის მთავარი ბიბლიოთეკა ბათუმის შოთა რუსთაველის სახელმწიფო უნივერსიტეტის მთავარი ბიბლიოთეკა წიგნსაცავი 2023-10-26 65.00 617.7(075.8) დ-40 29937 2023-10-26 29937 2023-10-26 წიგნი 65 ლ.
          ბათუმის შოთა რუსთაველის სახელმწიფო უნივერსიტეტის მთავარი ბიბლიოთეკა ბათუმის შოთა რუსთაველის სახელმწიფო უნივერსიტეტის მთავარი ბიბლიოთეკა წიგნსაცავი 2023-10-26 65.00 617.7(075.8) დ-40 29938 2023-10-26 29938 2023-10-26 წიგნი 65 ლ.
          ბათუმის შოთა რუსთაველის სახელმწიფო უნივერსიტეტის მთავარი ბიბლიოთეკა ბათუმის შოთა რუსთაველის სახელმწიფო უნივერსიტეტის მთავარი ბიბლიოთეკა წიგნსაცავი 2023-10-26 65.00 617.7(075.8) დ-40 29939 2023-10-26 29939 2023-10-26 წიგნი 65 ლ.
          ბათუმის შოთა რუსთაველის სახელმწიფო უნივერსიტეტის მთავარი ბიბლიოთეკა ბათუმის შოთა რუსთაველის სახელმწიფო უნივერსიტეტის მთავარი ბიბლიოთეკა წიგნსაცავი 2023-10-26 65.00 617.7(075.8) დ-40 29940 2023-10-26 29940 2023-10-26 წიგნი 65 ლ.
          ბათუმის შოთა რუსთაველის სახელმწიფო უნივერსიტეტის მთავარი ბიბლიოთეკა ბათუმის შოთა რუსთაველის სახელმწიფო უნივერსიტეტის მთავარი ბიბლიოთეკა წიგნსაცავი 2023-10-26 65.00 617.7(075.8) დ-40 29941 2023-10-26 29941 2023-10-26 წიგნი 65 ლ.